On This Day (January 18th) Multiple Choice - Statistics

General Stats
  • This quiz has been taken 11 times
    3 since last reset
  • The average score is 7 of 16
Answer Stats
Question Answer % Correct
1788 - Ships carrying what for the first time arrive in Botany Bay Australia ? Convicts
100%
1990 – Washington, D.C. Mayor Marion Barry is arrested for what in an FBI sting operation ? Drug Possession
100%
1535 - Francisco Pizarro founds which South American city ? Lima, Peru
100%
1778 – James Cook is the first known European to discover the Hawaiian Islands, what does he name them ? Sandwich Islands
100%
2002 – Civil War is declared over in which African country ? Sierra Leone
100%
1644 - Perplexed Pilgrims in Boston reported America's 1st sighting of what ? U.F.O.
100%
1958 – Willie O'Ree, the first Black Canadian National Hockey League player, makes his NHL debut with which team ? Boston Bruins
50%
2023 - A helicopter crash kills 14 including which country's Interior Minister ? Ukraine
50%
1974 "$6 Million Man" starring Lee Majors premieres on which TV network ? ABC
0%
1919 - Which luxury car maker is founded on this day ? Bentley
0%
1960 – Which airlines Flight 20 crashes into a farm in Charles City County, Virginia, killing all 50 aboard, their third fatal crash in as many years ? Capital Airlines
0%
1964 - The Beatles make their first appearance on the US Billboard Chart with which single ? I Want To Hold Your Hand
0%
1882 – A. A. Milne, English author, poet, playwright and creator of Winnie the Pooh is born in which area of London, England ? Kilburn
0%
1936 – Rudyard Kipling, English author and poet, Nobel Prize laureate dies in London at age 70. He was later to have a crater on which planet named after him ? Mercury
0%
1951 - A lie detector is used for the first time in which country? Netherlands
0%
1911 – Eugene B. Ely lands on the deck of which ship, named after a US state, anchored in San Francisco Bay, the first time an aircraft landed on a ship ? USS Pennsylvania
0%
No matching quizzes found
Score Distribution
Percent of People with Each Score
Percentile by Number Answered
Your Score History
You have not taken this quiz since the last reset